书目信息 |
| 题名: |
中国名匾
|
|
| 作者: | 林声 , 窦忠如 , 罗哲文 著 | |
| 分册: | ||
| 出版信息: | 天津 百花文艺出版社 2008 |
|
| 页数: | 159页 | |
| 开本: | 24cm | |
| 丛书名: | ||
| 单 册: | ||
| 中图分类: | I269 | |
| 科图分类: | ||
| 主题词: | 匾--bian--中国--汇编 | |
| 电子资源: | ||
| ISBN: | 978-7-5306-4893-3 | |
| 000 | 00779nam0 2200253 450 | |
| 001 | 003726456 | |
| 005 | 20081013115141.48 | |
| 010 | @a978-7-5306-4893-3@dCNY27.00 | |
| 100 | @a20080409d2008 em y0chiy0110 ea | |
| 101 | 0 | @achi |
| 102 | @aCN@b120000 | |
| 105 | @aa z 000yy | |
| 200 | 1 | @a中国名匾@Azhong guo ming bian@f罗哲文, 林声, 窦忠如著 |
| 210 | @a天津@c百花文艺出版社@d2008 | |
| 215 | @a159页@c图@d24cm | |
| 300 | @a中华古建名胜 | |
| 330 | @a本书介绍了唐宋辽金元时期、明朝时期、清朝时期、民国时期、新中国成立以来的全国各地的匾额。 | |
| 606 | 0 | @a匾@Abian@y中国@j汇编 |
| 690 | @aI269@v4 | |
| 701 | 0 | @a林声@Alin sheng@4著 |
| 701 | 0 | @a窦忠如@Adou zhong ru@f1973-@4著 |
| 701 | 0 | @a罗哲文@Aluo zhe wen@f1924-@4著 |
| 801 | 0 | @aCN@c20081013 |
| 905 | @dI269@eL970 | |
| 中国名匾/罗哲文, 林声, 窦忠如著.-天津:百花文艺出版社,2008 |
| 159页:图;24cm |
| 中华古建名胜 |
| ISBN 978-7-5306-4893-3:CNY27.00 |
| 本书介绍了唐宋辽金元时期、明朝时期、清朝时期、民国时期、新中国成立以来的全国各地的匾额。 |
| ● |
| 相关链接 |
|
|
|
正题名:中国名匾
索取号:I269/L970
 
预约/预借
| 序号 | 登录号 | 条形码 | 馆藏地/架位号 | 状态 | 备注 |
| 1 | 841862 | 208418620 | 社科二线422/422社科库 50排2列1层/ [索取号:I269/L970] | 在馆 | |
| 2 | 841863 | 208418639 | 文学库116/116文学库 12排4列1层/ [索取号:I269/L970] | 在馆 | |
| 3 | 841864 | 208418648 | 文学库116/116文学库 12排4列1层/ [索取号:I269/L970] | 在馆 |